| 000 | 02599nam0a2200409 4500 | ||
|---|---|---|---|
| 001 | RU\NLR\BIBL_A\012752172 | ||
| 005 | 20220519105553.0 | ||
| 010 |
_a978-5-00166-536-6 _9500 |
||
| 021 |
_aRU _bКН-П-21-093981 _9КН-П-21-7507 |
||
| 035 | _a(NLR Aleph) 012752172 | ||
| 090 |
_a13035702 _c13035702 |
||
| 100 | _a20220405d2022 k y0rusy50 ca | ||
| 101 | 0 | _arus | |
| 102 | _aRU | ||
| 105 | _aac||z|||010zc | ||
| 181 | 0 |
_ai3 _baxxe |
|
| 182 | 0 | _an | |
| 200 | 1 |
_aИстория и итоги развития инженерно-геологического образования и исследований в Московском государственном университете _e[монография] _eк 270-летию МГУ имени М.В. Ломоносова _fТрофимов В.Т., Королев В.А., Николаева С.К. [и др.] _gпод редакцией В.Т. Трофимова и В.А. Королева _gМосковский государственный университет имени М.В. Ломоносова, Геологический факультет |
|
| 203 |
_aТекст _bвизуальный _cнепосредственный |
||
| 210 |
_aМосква _cСам Полиграфист _d2022 [т.е. 2021] |
||
| 215 |
_a440 с. _cил., портр. _d30 |
||
| 300 | _aАвт. указаны на обороте тит. с. | ||
| 300 | _aКн. фактически изд. в 2021 г. | ||
| 320 | _aБиблиогр.: с. 422-439, в подстроч. примеч. и в тексте | ||
| 601 | 0 | 2 |
_aМГУ им. М. В. Ломоносова _bКафедра инженерной и экологической геологии _xИстория _2nlr_sh2 _3RU\NLR\AUTH\6601705159 |
| 686 | 1 | _aЧ488.444(2)7г | |
| 686 | 1 | _aД49е(2)л3г | |
| 701 | 1 |
_aТрофимов _bВ. Т. _f1937- _gВиктор Титович _3RU\NLR\AUTH\774008 |
|
| 701 | 1 |
_aКоролев _bВ. А. _cд-р геол.-минерал. наук _f1948- _gВладимир Александрович _3RU\NLR\AUTH\770137142 |
|
| 701 | 1 |
_aНиколаева _bС. К. _cканд. геол.-минерал. наук _f1956- _gСветлана Казимировна _3RU\NLR\AUTH\770146621 |
|
| 711 | 0 | 2 |
_aМГУ им. М. В. Ломоносова _3RU\NLR\AUTH\889931209 |
| 712 | 0 | 2 |
_aМГУ им. М. В. Ломоносова _bКафедра инженерной и экологической геологии _3RU\NLR\AUTH\8810022814 _4570 |
| 942 | _cBOOK | ||
| 980 | _aNB | ||